000
00314nam a22001337a 4500
008
170619b xxu||||| |||| 00| 0 eng d
020
_a
9781556236884
041
_a
eng
080
_a
94
100
_a
20
101
_a
SHP
245
_a
CRSHES AND PANICS THE LESSONS FROM HISTORY
_c
WHITE.E.N
942
_2
udc
_c
BK
999
_c
18191
_d
18191